|
|
|
|
| LEADER |
00000nab a2200000 a 4500 |
| 001 |
vtls000387412 |
| 003 |
SK-MaSNL |
| 005 |
20260305042400.0 |
| 008 |
230223c1988 xo 0 slo |
| 015 |
|
|
|a SNBRA19rr/mm-uuuuu
|
| 035 |
|
|
|a CL0387535
|
| 035 |
|
|
|a urn:nbn:sk:snk-ab7dym
|
| 035 |
|
|
|a (uuid)86dcd85d-87ce-40dd-bdc2-18342e66286d
|
| 035 |
|
|
|a (urnnbn)urn:nbn:sk:snk:ar-a07vg7
|
| 035 |
|
|
|a (sysno)vtls000387412
|
| 040 |
|
|
|a SNKBUCL
|b slo
|c SNKBUCL
|e AACR2
|
| 041 |
0 |
|
|a slo
|
| 044 |
|
|
|a xo
|c SK
|
| 080 |
|
|
|a 72:69:904
|2 1981
|
| 080 |
|
|
|a 69
|2 1981
|
| 080 |
|
|
|a 904
|2 1981
|
| 100 |
1 |
|
|a Kodoňová, Mária
|4 aut
|9 6027
|
| 245 |
1 |
0 |
|a Stavebno - historický vývoj Banskej Bystrice
|c Mária Kodoňová
|
| 300 |
|
|
|b Res. rus., nem., franc.
|
| 500 |
|
|
|a Pozn. a lit. 39 zázn. v slov., maď.
|
| 650 |
0 |
7 |
|a architektúra
|2 snkbucl
|9 722
|
| 650 |
0 |
7 |
|a stavebníctvo
|2 snkbucl
|9 726
|
| 650 |
0 |
7 |
|a architektonické pamiatky
|2 snkbucl
|9 28990
|
| 651 |
|
7 |
|a Banská Bystrica (Slovensko)
|2 snkbucl
|9 22015
|
| 655 |
|
7 |
|a články zo zborníkov
|2 snkbucl
|9 166140
|
| 773 |
0 |
|
|t Monumentorum tutela. Ochrana pamiatok 13
|d Bratislava : Obzor, 1988
|g S. 206-222 a obraz. príl. 28 s
|
| 850 |
|
|
|a Slovenská národná knižnica v Martine
|a MTA001
|
| 852 |
|
|
|a SNK
|b KIS3GCP
|
| 954 |
|
|
|a odborná, vedecká literatúra pôvodná (slovenská)
|2 lita
|
| 958 |
|
|
|a NB
|
| 958 |
|
|
|a OND
|
| 958 |
|
|
|a EUIPO
|
| 958 |
|
|
|a article27
|
| 992 |
|
|
|a RZB
|
| 999 |
|
|
|c 3348829
|d 3350759
|